000 00265nam a22001097a 4500
999 _c12888
_d12888
020 _a9788122433661
082 _a540
100 _aRakesh Saini
245 _aA Text Book of Community Pharmacy
260 _aIndia
_bNew Age International Publishers
_c2012
942 _cBK